|
|
|
|
| LEADER |
00000nam0a2200000 4500 |
| 001 |
224322 |
| 005 |
20231101230601.0 |
| 035 |
|
|
|a (RuTPU)RU\TPU\book\244626
|
| 090 |
|
|
|a 224322
|
| 100 |
|
|
|a 20121024d1978 k y0rusy50 ca
|
| 101 |
0 |
|
|a rus
|
| 102 |
|
|
|a RU
|
| 105 |
|
|
|a a z 001zy
|
| 200 |
1 |
|
|a Физические свойства горных пород и минералов при высоких давлениях и температурах
|f Академия наук СССР (АН СССР), Институт физики Земли им. О. Ю. Шмидта (ИФЗ) ; под ред. Е. А. Любимова
|
| 210 |
|
|
|a Москва
|c Наука
|d 1978
|
| 215 |
|
|
|a 224 с.
|c ил.
|
| 320 |
|
|
|a Библиогр. в конце ст.
|
| 606 |
1 |
|
|a Минералы
|x Физические свойства при высоких давлениях
|2 stltpush
|3 (RuTPU)RU\TPU\subj\72203
|9 85774
|
| 606 |
1 |
|
|a Горные породы
|x Минералогический состав
|2 stltpush
|3 (RuTPU)RU\TPU\subj\38783
|9 59085
|
| 610 |
1 |
|
|a высокое давление
|
| 610 |
1 |
|
|a температура
|
| 610 |
1 |
|
|a упругие волны
|
| 610 |
1 |
|
|a сжимаемость
|
| 610 |
1 |
|
|a деформационные свойства
|
| 610 |
1 |
|
|a земная кора
|
| 610 |
1 |
|
|a сейсмология
|
| 675 |
|
|
|a 549:53
|v 3
|
| 675 |
|
|
|a 552.1
|v 3
|
| 702 |
|
1 |
|a Любимова
|b Е. А.
|4 340
|
| 712 |
0 |
2 |
|a Академия наук СССР (АН СССР)
|b Институт физики Земли им. О. Ю. Шмидта (ИФЗ)
|c (Москва)
|2 stltpush
|3 (RuTPU)RU\TPU\col\209
|
| 801 |
|
1 |
|a RU
|b 63413507
|c 20121024
|
| 801 |
|
2 |
|a RU
|b 63413507
|c 20131003
|g RCR
|
| 942 |
|
|
|c BK
|